000 00836nam a2200241 i 4500
001 37283
003 ES-MaACL
005 20230906155535.0
007 t|
008 030220s1981 sp ||||1| spa d
020 _a84-500-5073-1
100 1 _aBueno Lastra, Juan.
_932399
245 1 3 _aLa industria de automóviles de turismo /
_cJuan Bueno Lastra, Antonio Ramos Barrado.
260 _a[Madrid :
_bBolsa de Madrid, Servicio de Estudios,
_c1981]
300 _a125 p. ;
_c24 cm.
490 1 _aTemas monográficos. Sectores
500 _aTít. de la cub. : La industria del automóvil en España.
700 1 _aRamos Barrado, Antonio.
_995284
710 2 _aBolsa de Madrid.
_bServicio de Estudios.
_92231
830 0 _aTemas monográficos. Sectores
_9229631
852 _aES-MaACL
_jL-11866
_bR.114126
999 _c37283
_d37283